00842 2200289 4500001002100000005001700021008004100038020002200079035002400101040001200125041001300137082002000150084002000170090002200190100003500212245009200247250001100339260002900350300003200379504003100411650003300442650001400475700001500489850001200504990001800516990001800534INLIS00000000003058120170830103750.0  a979-602-9211-41-2 0010-081700000000787 aYOPDYOG0 aindgara042[23]a297.26503 a297.26503 Muh E aR 297.26503 Muh E0 aMUH. MA'RUFIN SUDIBYOd, 1977-1 aEnsiklopedia fenomena alam dalam Al-Qur'anc/ Muh. Ma'rufin Sudibyo; editor, Said Kamil aCet. 1 aSolobTinta Medinac2012 a466 hlm.b: ilus.c; 23 cm. aBibliografi : hlm. 447-449 4aIslam dan sainsvEnsiklopedi 4aAl-Qur'an0 aSaid Kamil aYOPDYOG a56279-PD/A.17 a56278-PD/A.17